000
00201 a2200097 4500
001
45402
100
_a
245
_a
The world of fish
260
_a
New York
_b
Gallery books
_c
090
_c
28566
_d
28566
942
_a
NUST-CAE
_c
M
_c
20631
999
_c
280475
_d
280475